| 000 | 00608cam a22002171 4500 | ||
|---|---|---|---|
| 001 | sa 67004278 | ||
| 003 | DLC | ||
| 005 | 20260227112345.0 | ||
| 008 | 790105s1966 ii ac 000 0 eng | ||
| 010 | _asa 67004278 | ||
| 025 | _aPL480:I-E-8038 | ||
| 035 | _a(OCoLC)4522044 | ||
| 040 |
_aDLC _cOAkU _dDLC |
||
| 042 | _apremarc | ||
| 050 | 0 | 0 |
_aDS481.K27 _bS9 |
| 100 | 1 | _aSubbaraman, P. S. | |
| 245 | 1 | 0 |
_aKamaraj; _bsymbol of Indian democracy _c[by] P. S. Subbaraman. |
| 260 |
_a[Bombay] _bPopular Prakashan _c[1966] |
||
| 300 |
_a47 p. _billus., ports. _c25 cm. |
||
| 600 | 1 | 0 |
_aKamaraj, Kumaraswami, _d1903- |
| 999 |
_c74356 _d74356 |
||